LEADER 00906nam a2200241 u 4500 001 000000111669 003 CaOOAMICUS 005 20080516124032.0 008 080516s2007 it u000 u eng u 020 $a88-7233-038-6 040 $aPUL$bita$dLDB 245 00$aHuman rights and asian values /$cedited by Eva Pföst. 260 $aRoma :$bAPES,$c2007. 300 $a285 p. ;$c21 cm. 504 $aBibliografia : p. 281-284. 650 4$aDiritti umani$zAsia.$0(OLS)http://pul/subject/34438 700 1 $aPföst, Eva.$0(OLS)http://pul/name/68648 850 $aPUL 852 $aPUL$W1$xSL Diritto e Scienze Sociali 3$y79$m342. 5 PFOEV 1$j127989$qDDC 21$B126705$CPULBib$Z2$F126705 $82 941 1 $a9 996 $6020$a88-7233-038-6$9(OLS)http://pul/number/138060 996 $6245$aHuman rights and asian values$9(OLS)http://pul/title/140461 996 $6260$aRoma :$bAPES$9(OLS)http://pul/publisher/55191 LEADER 01195nam a2200301 a 4500 001 000000174471 003 CaOOAMICUS 005 20210427104644.0 008 210427s1999 maudaf u000 u eng r 020 $a0-631-20494-6* 032 $aLibriCat 040 $aPUL$bita 082 00$a153 245 00$aWhat is cognitive science? / $cedited by Ernest Lepore and Zenon Pylyshyn. 260 $aMalden ;$aOxford :$bBlackwell,$c1999. 300 $aix, 435 p. ;$bgraf., ill., tav.;$c24 cm 504 $aBibliografia : p. 388-400. 650 4$aScienze cognitive.$0(OLS)http://pul/subject/46454 700 1 $aPylyshyn, Zenon W.$0(OLS)http://pul/name/112101 700 1 $aLepore, Ernest.$0(OLS)http://pul/name/76183 850 $aPUL 852 $aPUL$W1$xDP2 Filosofia 3$y112$m153 LEPER 1$j198797$qDDC 21$B203414$CPULBib$Z2$F203414 $H134921 $82 941 1 $a9 996 $6020$a0-631-20494-6*$9(OLS)http://pul/number/168155 996 $6082$a153$9(OLS)http://pul/classification/646 996 $6245$aWhat is cognitive science? / $9(OLS)http://pul/title/215751 996 $6260$aMalden ;$aOxford :$bBlackwell$9(OLS)http://pul/publisher/75799